الموارد المعدنية : وآفاق تنميتها حتى عام 2020 /
رأيت عند إعداد هذة الدراسة ان اربط بين فصولها أمكانى بفكرة واضحة ومتميزة تدور حول إمكان فهمنا للواقع الحالى للموارد المعدنية فى مصر وكيف نستطيع ان نفكر فى مستقبل تلك الموارد وان يتحدد احساسنا به....
Saved in:
| 主要作者: | |
|---|---|
| 格式: | 图书 |
| 语言: | 阿拉伯语 |
| 出版: |
القاهرة :
المكتبة الاكاديمية،
2001.
|
| 版: | ط. 1. |
| 丛编: | منتدى العالم الثالث
مصر 2020 |
| 主题: | |
| 标签: |
添加标签
没有标签, 成为第一个标记此记录!
|
MARC
| LEADER | 00000nam a22000007a 4500 | ||
|---|---|---|---|
| 003 | INP | ||
| 005 | 20180423123446.0 | ||
| 008 | 130103s2001 ua abk fr 000 0 ara d | ||
| 952 | |0 0 |1 0 |4 0 |6 338_200000000000000_ع_م |7 0 |8 arabic_Boo |9 2731 |a INP |b INP |c MAIN |d 2018-03-25 |l 0 |o 338.2 ع م |p 002882 |r 2022-03-28 00:00:00 |w 2018-03-25 |y BK |0 0 | ||
| 952 | |0 0 |1 0 |4 0 |6 338_200000000000000_ع_م |7 0 |8 arabic_Boo |9 2742 |a INP |b INP |c MAIN |d 2018-03-25 |l 0 |o 338.2 ع م |p 002913 |r 2022-03-28 00:00:00 |w 2018-03-25 |y BK |0 0 | ||
| 999 | |c 1123 |d 1123 | ||
| 017 | |a 2001/3596 |b مصر. دار الكتب | ||
| 020 | |a 9772811677 | ||
| 040 | |a EG-INP |b ara |c EG-INP | ||
| 082 | 0 | 4 | |a 338.2 |b ع م |2 21 |
| 100 | 1 | |a هلال، عاطف. | |
| 245 | 1 | 2 | |a الموارد المعدنية : |b وآفاق تنميتها حتى عام 2020 / |c عاطف هلال. |
| 250 | |a ط. 1. | ||
| 260 | |a القاهرة : |b المكتبة الاكاديمية، |c 2001. | ||
| 300 | |a 357 ص. : |b إيض. ؛ |c 24 سم. | ||
| 490 | 0 | |a منتدى العالم الثالث | |
| 490 | 0 | |a مصر 2020 | |
| 520 | |a رأيت عند إعداد هذة الدراسة ان اربط بين فصولها أمكانى بفكرة واضحة ومتميزة تدور حول إمكان فهمنا للواقع الحالى للموارد المعدنية فى مصر وكيف نستطيع ان نفكر فى مستقبل تلك الموارد وان يتحدد احساسنا به. | ||
| 650 | 7 | |a الثروة المعدنية |2 qrmak | |
| 650 | 7 | |a التعدين |2 qrmak | |
| 650 | 7 | |a الجيولوجيا الاقتصادية |2 qrmak | |
| 650 | 7 | |a الموارد الاقتصادية. |2 qrmak | |
| 650 | 7 | |a الموارد الطبيعية. |2 qrmak | |
| 650 | 7 | |a الموارد المعدنية |2 qrmak | |
| 901 | |a EGPV4 | ||
| 902 | |a EGPV5 | ||
| 903 | |a copycat | ||
| 942 | |c BK |2 ddc | ||